| 000 | 00608nam a22001577a 4500 | ||
|---|---|---|---|
| 003 | OSt | ||
| 005 | 20151005151144.0 | ||
| 008 | 151005b xxu||||| |||| 00| 0 eng d | ||
| 040 | _cRUA | ||
| 082 | _aAVM POL 2005 B075 Or.1 | ||
| 100 |
_92055 _aPOL DALY |
||
| 245 | _aNewborn piglet carin to weraning at cp company, (ការថែរក្សាកូនជ្រូកទើបកើតរហូតដល់ផ្ដាច់ដោះ នៅក្រុមហ៊ុន ស៊ី ភី ចំកាត់) | ||
| 260 |
_aphnom penh _bRUA _c2005 |
||
| 300 |
_avii, 34p. _bill. _c29cm. |
||
| 942 |
_2ddc _cAVM |
||
| 999 |
_c1939 _d1939 |
||